000 00200nam a2200085Ia 4500
008 180219s9999 xx 000 0 und d
100 _aSharma R A
245 0 _aAdyapak Parsikshan Taqniki
260 _aR Lall Meerut
260 _c2011
999 _c42256
_d42256